000 00894nam a2200241 u 4500
005 20240213064400.0
008 170327s1993 r 000 0 eng d
020 _a8475098568
035 _aUPN01000217087
049 _aCG
050 4 _aRC514
_bM3.7
245 0 0 _aMás allá del doble vínculo :
_bcomunicación y sistemas familiares : teorías y técnicas empleadas con esquizofrénicos /
_ccomp. Milton M. Berger ; tr. Laura Turner.
260 _aBarcelona, Esp. :
_bPaidós,
_c1993.
300 _a270 p. :
_bfigs., tablas
440 0 _aPaidós terapia familiar ;
_v42
534 _pTítulo original:
_tBeyond the double bind : communication and family sistems, theories and techniques with schizophrenics
650 2 _aEsquizofrenia
_915458
650 4 _aPsiquiatría
_910046
700 1 _aBerger, Milton M.,
_ecomp.
905 _aLibro
999 _c189187
_d189187